[Event "Challenge"]
[Site "http://www.queenalice.com/game.php?id=691589"]
[Date "2009.12.2"]
[Round "-"]
[White "PLQ"]
[Black "zottele"]
[Result "1-0"]
[WhiteElo "1202"]
[BlackElo "1165"]

1. Nf3 Nf6 2. Nc3 Nc6 3. e3 e5 4. e4 Bd6 5. d3 O-O 6. Bg5 h6 7. Bd2 g5 8. g3 a6
9. Nd5 b5 10. Nxf6+ Kg7 11. Ng4 Bc5 12. h4 d6 13. hxg5 h5 14. Nf6 b4 15. Nd5 Be6
16. Ne3 f6 17. Rxh5 Bd4 18. gxf6+ Rxf6 19. c3 bxc3 20. bxc3 Bxe3 21. Bxe3 Kg6
22. Rg5+ Kf7 23. Rh5 d5 24. Rh7+ Kg6 25. Rh6+ Kg7 26. Rh5 Kg6 27. Rg5+ Kh6 28.
Qa4 Ne7 29. Rxe5+ Kg6 30. Ng5 c6 31. Nxe6 Qd6 32. Qd4 Nf5 33. exf5+ Rxf5 34.
Rxf5 Kxf5 35. Ng7+ Kg6 36. Be2 c5 37. Qg4+ Kf6 38. Bf4 Qe7 39. Nh5+ Kf7 40. Bg5
Qf8 41. Bf3 Kg6 42. Bxd5 Ra7 43. Be4+ Kf7 44. Qf4+ Ke8 45. Bg6+ Rf7 46. Bxf7+
Kd7 47. Nf6+ Ke7 48. Bc4 a5 49. Bh6 Qe8 50. Nxe8 Kxe8 51. a4 Ke7 52. Qe5+ Kd7
53. Qxc5 Ke8 54. Bb5+ Kf7 55. Qf5+ Ke7 56. c4 Kd6 57. c5+ Kc7 58. d4 Kb7 59. Qf6
Ka7 60. Qf7+ Kb8 61. Bf4+ Kc8 62. c6 Kd8 63. c7+ Kc8 64. Ba6# 1-0

[Event "Challenge"]
[Site "http://www.queenalice.com/game.php?id=692067"]
[Date "2009.12.2"]
[Round "-"]
[White "Meirebel"]
[Black "zottele"]
[Result "1-0"]
[WhiteElo "1863"]
[BlackElo "1150"]

1. e4 e5 2. Nc3 Nc6 3. Bc4 Nf6 4. Nf3 Bc5 5. O-O d6 6. h3 O-O 7. Na4 b6 8. Nxc5
h5 9. Nb3 Nxe4 10. d3 Nc5 11. Nxc5 bxc5 12. Ng5 a6 13. Qf3 Qd7 14. c3 d5 15.
Bxd5 g6 16. Bxc6 Qd8 17. Bxa8 Qe8 18. Bc6 Bd7 19. Bxd7 Qxd7 20. Be3 f6 21. Bxc5
Re8 22. Qxf6 c6 23. Qxg6+ Kh8 24. Nf7+ Qxf7 25. Qxf7 Rd8 26. Qf6+ Kg8 27. Qxd8+
Kg7 28. Qg5+ Kh7 29. Bf8 Kh8 30. Qg7# 1-0

[Event "Challenge"]
[Site "http://www.queenalice.com/game.php?id=692068"]
[Date "2009.12.2"]
[Round "-"]
[White "zottele"]
[Black "Meirebel"]
[Result "0-1"]
[WhiteElo "1216"]
[BlackElo "1834"]

1. e4 e5 2. Nf3 Nf6 3. d3 Bc5 4. Be2 Nc6 5. O-O Ng4 6. h3 Nf6 7. Nc3 h6 8. a3 a6
9. b4 Ba7 10. Be3 Bxe3 11. g4 d6 12. fxe3 Be6 13. a4 Nxb4 14. Rb1 a5 15. Rb3
Bxb3 16. cxb3 O-O 17. d4 exd4 18. exd4 Re8 19. d5 Nxe4 20. h4 Qxh4 21. Nxh4 Nxc3
22. Qd2 Nxe2+ 23. Kf2 Nc3 24. Qxc3 Nxd5 25. Qd4 Nf6 26. Kg3 Re4 27. Qd3 Rxg4+
28. Kh3 Re8 29. Nf3 Ree4 30. Rf2 Rh4+ 31. Kg3 Nh5+ 32. Kg2 Nf4+ 33. Kg3 Nxd3 34.
Rd2 Reg4# 0-1

[Event "Challenge"]
[Site "http://www.queenalice.com/game.php?id=693194"]
[Date "2009.12.5"]
[Round "-"]
[White "XXX"]
[Black "zottele"]
[Result "1-0"]
[WhiteElo "1571"]
[BlackElo "1178"]

1. d4 d5 2. Bf4 g5 3. Bxg5 f6 4. Bh4 Bg7 5. e3 Nc6 6. h3 a6 7. Qh5+ Kd7 8. Be2
b5 9. Bg4+ e6 10. Qf7+ Nce7 11. Qxe6+ Ke8 12. Bh5+ Kf8 13. Qf7# 1-0

[Event "Challenge"]
[Site "http://www.queenalice.com/game.php?id=693195"]
[Date "2009.12.5"]
[Round "-"]
[White "zottele"]
[Black "XXX"]
[Result "0-1"]
[WhiteElo "1176"]
[BlackElo "1572"]

1. e4 e5 2. Nf3 d6 3. Bc4 h6 4. O-O Nf6 5. h3 c6 6. d3 b5 7. Bb3 a5 8. Bd2 a4 9.
Be3 axb3 10. cxb3 Be7 11. Nc3 Be6 12. b4 Na6 13. a3 Qd7 14. b3 Bxh3 15. gxh3
Qxh3 16. Re1 Ng4 17. Bd2 Bh4 18. Nxh4 Qh2+ 19. Kf1 Qxf2# 0-1

[Event "Challenge"]
[Site "http://www.queenalice.com/game.php?id=694262"]
[Date "2009.12.7"]
[Round "-"]
[White "zottele"]
[Black "Lacey12"]
[Result "0-1"]
[WhiteElo "1122"]
[BlackElo "1466"]

1. e4 e5 2. Nf3 Nf6 3. Bc4 Nxe4 4. O-O d6 5. d3 Nc5 6. Be3 Ne6 7. Nc3 c6 8. b3
Be7 9. h4 O-O 10. b4 d5 11. Nxd5 cxd5 12. Bb5 Bd7 13. Bxd7 Nxd7 14. a3 Bf6 15.
g3 e4 16. dxe4 Bxa1 17. Qxa1 dxe4 18. Nd2 Nf6 19. Qd1 Rc8 20. c3 Rxc3 21. Bxa7
b6 22. Qe1 Rxa3 23. Kh1 Rxa7 24. Nxe4 Nxe4 25. Qxe4 Re8 26. f3 Qd6 27. f4 Rae7
28. Kg2 Nc7 29. Qf3 Re2+ 30. Kh3 Qd7+ 0-1

[Event "Challenge"]
[Site "http://www.queenalice.com/game.php?id=696585"]
[Date "2009.12.12"]
[Round "-"]
[White "PLQ"]
[Black "zottele"]
[Result "1-0"]
[WhiteElo "1225"]
[BlackElo "1164"]

1. Nf3 Nf6 2. Nc3 d6 3. d4 d5 4. e3 e6 5. Ne5 g6 6. Bd3 c6 7. a4 a6 8. b3 Bd6 9.
Qf3 a5 10. Qf4 O-O 11. Qh6 Re8 12. O-O Bd7 13. Nxd7 Nbxd7 14. Ba3 b6 15. Bxd6
Kh8 16. Rfe1 Rg8 17. Be2 Qe8 18. Bd3 Rc8 19. Ba6 Ra8 20. Bd3 b5 21. axb5 cxb5
22. Nxb5 Ng4 23. Qg5 Ra6 24. Nc7 Qc8 25. Nxa6 f6 26. Qxg4 f5 27. Qg5 Rg7 28. Nc7
Qb8 29. Rxa5 Qb6 30. Ra6 Qb7 31. Ra8+ Nb8 32. Ra4 Qc6 33. Ne8 Rg8 34. Qf6+ Rg7
35. Nxg7 Qxd6 36. Nxf5+ Kg8 37. Nxd6 Nd7 38. Qxe6+ Kg7 39. Qxd7+ Kh6 40. Nf7+
1-0

[Event "Challenge"]
[Site "http://www.queenalice.com/game.php?id=696590"]
[Date "2009.12.12"]
[Round "-"]
[White "zottele"]
[Black "H_U_G_O"]
[Result "0-1"]
[WhiteElo "1201"]
[BlackElo "1365"]

1. e4 Nf6 2. Bc4 e5 3. Nf3 Bc5 4. O-O d6 5. d3 c6 6. Be3 Bxe3 7. fxe3 Qb6 8. d4
O-O 9. Nc3 Qxb2 10. h3 Qxc3 11. d5 Qxe3+ 12. Kh1 Nxe4 13. Nh4 Nf2+ 14. Rxf2 Qxf2
15. Rc1 Qxh4 16. c3 b5 17. Bd3 f5 18. a3 f4 19. c4 Ba6 20. a4 bxc4 21. Be2 e4
0-1

[Event "Challenge"]
[Site "http://www.queenalice.com/game.php?id=696603"]
[Date "2009.12.12"]
[Round "-"]
[White "zottele"]
[Black "Lintz"]
[Result "0-1"]
[WhiteElo "1214"]
[BlackElo "1906"]

1. e4 e5 2. Nf3 Qe7 3. Be2 g6 4. O-O Bg7 5. Nc3 c6 6. d3 Nf6 7. Bd2 O-O 8. a3 b5
9. b3 d6 10. h3 Bxh3 11. gxh3 Qe6 12. h4 h6 13. Be3 Ng4 14. Nh2 Nxh2 15. Kxh2 f5
16. f3 f4 17. Bd2 Nd7 18. Kg1 Nf6 19. Rb1 Nh5 20. a4 Ng3 21. Re1 Qh3 22. Kf2
Qh2# 0-1

[Event "JOGOS"]
[Site "http://www.queenalice.com/game.php?id=697378"]
[Date "2009.12.13"]
[Round "-"]
[White "rocrico"]
[Black "zottele"]
[Result "1-0"]
[WhiteElo "1798"]
[BlackElo "1117"]

1. e3 e5 2. d3 Be7 3. Nc3 Nf6 4. Nf3 O-O 5. Be2 Nc6 6. O-O d6 7. Re1 a6 8. Bd2
b6 9. e4 Bb7 10. d4 g6 11. Ng5 Nxd4 12. Bc4 b5 13. Bd3 c6 14. Ne2 c5 15. c3 Rc8
16. cxd4 c4 17. Bc2 h6 18. Nh3 g5 19. Ng3 Bc6 20. Nf5 d5 21. Nxh6+ Kh7 22. exd5+
e4 23. Nf4 gxf4 24. Bxf4 Ba8 25. d6 Bxd6 26. Bg5 Kg6 27. Be3 Qe7 28. Ng4 Nxg4
29. Qxg4+ Kf6 30. Qg5+ Ke6 31. d5+ Bxd5 32. Qg4+ Kf6 33. Bd4+ Be5 34. Rad1 Bxd4
35. Rxd4 Rc5 36. Qf4+ Ke6 37. Bxe4 f6 38. Bxd5+ Kd7 39. Bf3+ 1-0

[Event "Challenge"]
[Site "http://www.queenalice.com/game.php?id=697989"]
[Date "2009.12.14"]
[Round "-"]
[White "CristianLonghinoti"]
[Black "zottele"]
[Result "1-0"]
[WhiteElo "1333"]
[BlackElo "1134"]

1. e4 e5 2. Nf3 Nf6 3. d3 Be7 4. h3 O-O 5. c4 Nxe4 6. dxe4 f6 7. Be2 d6 8. Nc3
c6 9. O-O c5 10. a3 h6 11. b4 cxb4 12. axb4 b6 13. Ba3 a6 14. Nd5 Bb7 15. Nh4
Nc6 16. Bg4 Re8 17. Be6+ 1-0

[Event "Challenge"]
[Site "http://www.queenalice.com/game.php?id=698414"]
[Date "2009.12.15"]
[Round "-"]
[White "dandi27"]
[Black "zottele"]
[Result "1-0"]
[WhiteElo "1595"]
[BlackElo "1119"]

1. e4 e5 2. Nf3 Nf6 3. Bc4 d6 4. Bb5+ c6 5. Ba4 Be7 6. O-O Nxe4 7. Qe2 O-O 8.
Qxe4 g6 9. d4 d5 10. Qxe5 Nd7 11. Qe3 Re8 12. Nc3 Nf6 13. Qh6 Bd7 14. Ng5 a6 15.
Bf4 1-0

[Event "Challenge"]
[Site "http://www.queenalice.com/game.php?id=699690"]
[Date "2009.12.18"]
[Round "-"]
[White "sovietico_1953"]
[Black "zottele"]
[Result "1-0"]
[WhiteElo "1275"]
[BlackElo "1117"]

1. e4 e5 2. Qh5 g6 3. Qxe5+ Be7 4. Qxh8 d6 5. Qxg8+ Bf8 6. d3 Ke7 7. Bg5+ f6 8.
d4 Nc6 9. Qxh7+ Ke6 10. d5+ Ke5 11. Nf3+ 1-0

[Event "Challenge"]
[Site "http://www.queenalice.com/game.php?id=700021"]
[Date "2009.12.18"]
[Round "-"]
[White "CristianLonghinoti"]
[Black "zottele"]
[Result "1-0"]
[WhiteElo "1341"]
[BlackElo "1126"]

1. e4 e5 2. d3 Nf6 3. Nf3 Bb4+ 4. Bd2 O-O 5. Bxb4 Re8 6. h3 d6 7. Be2 h6 8. O-O
b6 9. Nc3 Kf8 10. b3 g6 11. a4 1-0

[Event "HUGO x ALINE"]
[Site "http://www.queenalice.com/game.php?id=701640"]
[Date "2009.12.22"]
[Round "-"]
[White "zottele"]
[Black "H_U_G_O"]
[Result "0-1"]
[WhiteElo "1176"]
[BlackElo "1464"]

1. e4 e5 2. Nc3 Qf6 3. d3 Bb4 4. a3 Bxc3+ 5. bxc3 d6 6. Bd2 Qg6 7. f3 Nc6 8. Be2
Qxg2 9. Bf1 Qxh1 10. Kf2 Qxh2+ 11. Bg2 Qh4+ 0-1